El Movimiento Olímpico Internacional, la grave crisis que se va a generar en torno a los juegos de Seúl en 1988, y la única solución posible

Salvato in:
Dettagli Bibliografici
Autore principale: Castro Ruz, Fidel
Natura: testo
Pubblicazione: La Habana: Editora Política
Edizione:1
Soggetti:
Tags: Aggiungi Tag
Nessun Tag, puoi essere il primo ad aggiungerne!!

MARC

LEADER 00000 a a2200000 04500
001 18186
003
040
090 |a 017200  
100 |a Castro Ruz, Fidel  
245 |a El Movimiento Olímpico Internacional, la grave crisis que se va a generar en torno a los juegos de Seúl en 1988, y la única solución posible  
250 |a 1  
260 |a La Habana:   |b Editora Política  
300 |a 8 p.  
650 |a MOVIMIENTO OLIMPICO INTERNACIONAL  
650 |a ARREGLO DE CONTROVERSIAS  
650 |a DEPORTES  
999 |c 2715  |d 2715